Normal view
MARC view
- Jaramillo Sierra, Isabel Cristina
Entry Nombre Personal
001 - NUMERO DE CONTROL
- campo de control: 37460
003 - IDENTIFICADOR DE NUMERO DE CONTROL
- campo de control: UPN
005 - FECHA Y HORA DE LA ÜLTIMA TRANSACCIÓN
- campo de control: 20210219194525.0
008 - DATOS DE LONGITUD FIJA
- campo de control de longitud fija: nabaccnnaabn|||||||||| b |nc|||||d
035 ## - NUMERO DE CONTROL
- Número de control: UPN11000009567
040 ## - FUENTE DE CATALOGACIÓN
- Lenguaje de catalogación: SPA
- Agencia de transcripción: UPN
100 1# - ENCABEZAMIENTO - NOMBRE PERSONAL
- Nombre personal: Jaramillo Sierra, Isabel Cristina
670 ## - FUENTE EN LA QUE SE LOCALIZARON DATOS
- Cita de la fuente: T
- Información localizada: Mujeres, cortes y medios :la reforma judicial del aborto
680 ## - NOTA PUBLICA DE ACCESO PÚBLICO
- Frase explicativa de la referencia: Colombia. Abogada de la Universidad de los Andes. Doctora en Derecho de la Escuela de Leyes de Harvard. Profesora de tiempo completo de la Facultad de Derecho de la Universidad de los Andes.
902 ## - CATALOGADOR
- Catalogador: EMR/110815
